LEADER 01935nam 2200553 a 450 001 9910458179703321 005 20200520144314.0 010 $a1-61668-109-8 035 $a(CKB)2560000000008021 035 $a(EBL)3020231 035 $a(SSID)ssj0000335136 035 $a(PQKBManifestationID)12081848 035 $a(PQKBTitleCode)TC0000335136 035 $a(PQKBWorkID)10271818 035 $a(PQKB)11691346 035 $a(MiAaPQ)EBC3020231 035 $a(Au-PeEL)EBL3020231 035 $a(CaPaEBR)ebr10676362 035 $a(OCoLC)529875233 035 $a(EXLCZ)992560000000008021 100 $a20080402d2008 uy 0 101 0 $aeng 135 $aur|n|---||||| 181 $ctxt 182 $cc 183 $acr 200 00$aBetter understanding of the campylobacter conundrum$b[electronic resource] /$fAmelie Garenaux ... [et al.] 210 $aNew York $cNova Science Publishers, Inc.$dc2008 215 $a1 online resource (161 p.) 225 1 $aNovinka 300 $aDescription based upon print version of record. 311 $a1-60456-636-1 320 $aIncludes bibliographical references (p. [95]-133) and index. 327 $aCampylobacter jejuni and food safety -- Campylobacter genomes: general and specific features -- From environment to the host: stress resistance mechanisms and regulation pathways -- Other strategies developed by Campylobacter to adapt to the environment. 410 0$aNovinka (Series) 606 $aCampylobacter infections 606 $aCampylobacter jejuni 608 $aElectronic books. 615 0$aCampylobacter infections. 615 0$aCampylobacter jejuni. 676 $a664.001/579 701 $aGare?naux$b Ame?lie$0864582 801 0$bMiAaPQ 801 1$bMiAaPQ 801 2$bMiAaPQ 906 $aBOOK 912 $a9910458179703321 996 $aBetter understanding of the campylobacter conundrum$91929882 997 $aUNINA LEADER 01261nam a22002651i 4500 001 991001126109707536 008 110329s2010 it ita 020 $a9788862273633 035 $ab13964598-39ule_inst 040 $aDip.to Filologia Class. e Scienze Filosofiche$bita 082 04$a913.2001 100 1 $aDaris, Sergio$0187495 245 10$aDizionario dei nomi geografici e topografici dell'Egitto greco-romano :$bsupplemento 5. :$b(2006-2009) /$c[Aristide Calderini] ; Sergio Daris 260 $aPisa ;$aRoma :$bF. Serra,$c2010 300 $a115 p. ;$c30 cm 440 0$aStudi di egittologia e di papirologia ;$v8 650 4$aToponimi greci$zEgitto antico 650 4$aToponimi latini$zEgitto antico 907 $a.b13964598$b17-10-11$c29-03-11 912 $a991001126109707536 945 $aLE007 911 CAL 01.01 S.5$g1$i2007000208809$lle007$nLE007 2011 Giannini$op$pE167.00$q-$rl$s- $t0$u0$v0$w0$x0$y.i15279765$z09-06-11 945 $aLE002 Museo Papirologico BELT Coll. BiblSEP 008$g1$i2002000629685$lle002$og$pE167.00$q-$rn$so $t0$u0$v0$w0$x0$y.i15333899$z17-10-11 996 $aDizionario dei nomi geografici e topografici dell'Egitto greco-romano$9246044 997 $aUNISALENTO 998 $ale007$ale002$b29-03-11$cm$da $e-$fita$git $h0$i0